| 000 | 01209nam a22003017a 4500 | ||
|---|---|---|---|
| 003 | 0 | ||
| 005 | 20250913102700.0 | ||
| 008 | 250913b xxu||||| |||| 00| 0 eng d | ||
| 020 | _a978-0-316-36516-1 | ||
| 050 |
_aPZ 7.1 _b.C835 2016 |
||
| 100 |
_aCowell, Cressida, _eauthor, _eillustrator. |
||
| 245 |
_aHow to train your dragon book 12 : _bhow to fight a dragon’s fury / _cCressida Cowell. |
||
| 250 | _aFirst U.S. paperback edition. | ||
| 260 |
_aNew York : _bLittle, Brown and Company, _c2017. |
||
| 300 |
_a472 pages : _billustrations ; _c20 cm. |
||
| 490 |
_aHow to train your dragon ; _vbk. 12 |
||
| 500 | _aOriginally published in the U.K. by Hodder Children’s Books, 2015. | ||
| 520 | _aIn the epic finale, Hiccup Horrendous Haddock III must face the Dragon Furious and fulfill his destiny to unite humans and dragons—or witness the end of both species. | ||
| 650 |
_aVikings _vFiction. |
||
| 650 |
_aDragons _vFiction. |
||
| 650 |
_aQuests (Expeditions) _vFiction. |
||
| 650 |
_aFriendship _vFiction. |
||
| 650 |
_aFathers and sons _vFiction. |
||
| 650 |
_aBetrayal _vFiction. |
||
| 650 | _aHumorous stories. | ||
| 830 |
_aHow to train your dragon ; _sbk. 12. |
||
| 942 |
_2lcc _cBK |
||
| 999 |
_c367944 _d367944 |
||